ভারতীয় বাদ্যযন্ত্র / (Record no. 56072)
[ view plain ]
| 000 -LEADER | |
|---|---|
| fixed length control field | 01172nam a2200253 a 4500 |
| 001 - CONTROL NUMBER | |
| control field | 56072 |
| 003 - CONTROL NUMBER IDENTIFIER | |
| rucl marc code | BD-RjUL |
| 005 - DATE AND TIME OF LATEST TRANSACTION | |
| control field | 20211209080341.0 |
| 008 - FIXED-LENGTH DATA ELEMENTS--GENERAL INFORMATION | |
| fixed length control field | 161126s1991 bg ||||| |||| 00| 0 ben d |
| 035 ## - SYSTEM CONTROL NUMBER | |
| System control number | (BD-RjUL)56196 |
| 040 ## - CATALOGING SOURCE | |
| Original cataloging agency | BD-RjUL |
| Language of cataloging | ben |
| Transcribing agency | BD-RjUL |
| Modifying agency | BD-RjUL |
| 041 ## - LANGUAGE CODE | |
| Language code of text/sound track or separate title | ben |
| 082 ## - DEWEY DECIMAL CLASSIFICATION NUMBER | |
| Edition number | 23 |
| Classification number | 784.190954 |
| Author mark and year | DEV 1991 |
| 100 ## - MAIN ENTRY--PERSONAL NAME | |
| Personal name | দেব, বি. চৈতন্য |
| 9 (RLIN) | 156984 |
| 245 10 - TITLE STATEMENT | |
| Title | ভারতীয় বাদ্যযন্ত্র / |
| Statement of responsibility, etc. | বি. চৈতন্য দেব, অনুবাদ কৃষ্ণা বন্দ্যোপাধ্যায় |
| 260 ## - PUBLICATION, DISTRIBUTION, ETC. (IMPRINT) | |
| Place of publication, distribution, etc. | ইন্ডিয়া : |
| Name of publisher, distributor, etc. | ন্যাশনাল বুক ট্রাস্ট, |
| Date of publication, distribution, etc. | ১৯৯১ |
| 300 ## - PHYSICAL DESCRIPTION | |
| Pagination | [১০], ১৩১ পৃ. : |
| Illustrations | চিত্র ; |
| Size | ২৩ সেমি. |
| 490 ## - SERIES STATEMENT | |
| Series statement | ভারত-দেশ ও দেশবাসী |
| 650 ## - SUBJECT ADDED ENTRY--TOPICAL TERM | |
| Topical term or geographic name as entry element | বাদ্যযন্ত্র |
| Geographic subdivision | ভারত |
| 9 (RLIN) | 145024 |
| Topical term or geographic name as entry element | Musical Instruments |
| Geographic subdivision | India |
| 9 (RLIN) | 145025 |
| 700 ## - ADDED ENTRY--PERSONAL NAME | |
| Personal name | বন্দ্যোপাধ্যায়, কৃষ্ণা |
| Fuller form of name | অনুবাদ |
| 830 ## - SERIES ADDED ENTRY--UNIFORM TITLE | |
| Uniform title | ভারত-দেশ ও দেশবাসী |
| 942 ## - ADDED ENTRY ELEMENTS (KOHA) | |
| Source of classification or shelving scheme | Dewey Decimal Classification |
| Koha item type | Books |
| Lost status | Source of classification or shelving scheme | Damaged status | Not for loan | Collection code | Permanent Location | Current Location | Shelving location | Date acquired | Source of acquisition | Total Checkouts | Full call number | Date last seen | Copy number | Koha item type | Cost, normal purchase price |
|---|---|---|---|---|---|---|---|---|---|---|---|---|---|---|---|
| Dewey Decimal Classification | Non-fiction | Central Library, University of Rajshahi | Central Library, University of Rajshahi | 26/07/2005 | Gift | B 784.190954 DEV 1991 | 26/11/2016 | C-2 | Books | ||||||
| Dewey Decimal Classification | Not For Loan | Non-fiction | Central Library, University of Rajshahi | Central Library, University of Rajshahi | Reading Room | 19/09/1995 | Rajshahi University Central Library | B 784.190954 DEV 1991 | 26/01/2017 | C-1 | Books | 19.00 |